00155 a2200073 4500245004400000100001800044300001000062035000900072 aNutrition et soins de santé primaires aNdiaye, A. M. a48 p. a7562